Normal view
MARC view
- محمد ،رمضان على
Entry Personal Name
001 - CONTROL NUMBER
- control field: 51465
003 - CONTROL NUMBER IDENTIFIER
- control field: JO-AjAnu
005 - DATE AND TIME OF LATEST TRANSACTION
- control field: 20230606082451.0
008 - FIXED-LENGTH DATA ELEMENTS
- fixed length control field: 230606|| aca||aabn | a|a d
040 ## - CATALOGING SOURCE
- Original cataloging agency: JO-AjAnu
- Transcribing agency: JO-AjAnu
100 ## - HEADING--PERSONAL NAME
- Personal name: محمد ،رمضان على
670 ## - SOURCE DATA FOUND
- Source citation: Work cat.: (JO-AjAnu)26303: محمد ،رمضان على , author, مقدمة في مواد الرصف وتصميم الخلوطات الاسفلتية بطريقة مارشال